| 000 | 00000nam##2200000za#4500 |
| 001 | 9.681919 |
| 003 | CaOODSP |
| 005 | 20210615132606 |
| 007 | ta |
| 008 | 150407|2002||||xxc||||| f|0| 0 fre|d |
| 020 | |a0-662-87745-4 |
| 040 | |aCaOODSP|bfre |
| 043 | |an-cn--- |
| 086 | 1 |aH39-643/2002F |
| 110 | 1 |aCanada.|bSanté Canada. |bDirection générale de la santé de la population et de la santé publique. |
| 245 | 10|aRapport sur les maladies mentales au Canada |
| 260 | |aOttawa - Ontario : |bSanté Canada. |c2002. |
| 300 | |a111p. : |bgraphiques, références ; |c28 cm. |
| 563 | |aCouverture souple |
| 590 | |a02-48|b2002-11-29 |
| 775 | 08|tA report on mental illnesses in Canada |w(CaOODSP)9.648649 |
| 776 | 0#|tRapport sur les maladies mentales au Canada |w(CaOODSP)9.630866 |